<?xml version="1.0" encoding="UTF-8"?>
<record
    xmlns:xsi="http://www.w3.org/2001/XMLSchema-instance"
    xsi:schemaLocation="http://www.loc.gov/MARC21/slim http://www.loc.gov/standards/marcxml/schema/MARC21slim.xsd"
    xmlns="http://www.loc.gov/MARC21/slim">

  <leader>01470nam a2200313 i 4500</leader>
  <controlfield tag="001">186729</controlfield>
  <controlfield tag="003">SpMaBN</controlfield>
  <controlfield tag="005">20231212102048.0</controlfield>
  <controlfield tag="008">170209s2011    sp a         |||| | spa d</controlfield>
  <datafield tag="020" ind1=" " ind2=" ">
    <subfield code="a">978-84-9860-332-3</subfield>
  </datafield>
  <datafield tag="080" ind1=" " ind2=" ">
    <subfield code="a">81(081) Michelena, Luis</subfield>
  </datafield>
  <datafield tag="100" ind1="1" ind2=" ">
    <subfield code="a">Michelena, Luis.</subfield>
    <subfield code="9">80916</subfield>
  </datafield>
  <datafield tag="245" ind1="1" ind2="0">
    <subfield code="a">Obras completas. </subfield>
    <subfield code="n">II, </subfield>
    <subfield code="p">Ling&#xFC;&#xED;stica general / </subfield>
    <subfield code="c">Luis Michelena ; al cuidado de Joseba A. Lakarra e &#xCD;&#xF1;igo Ruiz Arzalluz.</subfield>
  </datafield>
  <datafield tag="260" ind1=" " ind2=" ">
    <subfield code="a">San Sebasti&#xE1;n : </subfield>
    <subfield code="b">Seminario de Filolog&#xED;a Vasca "Julio de Urquijo" = ; </subfield>
    <subfield code="a">Donostia : </subfield>
    <subfield code="b">"Julio de Urkixo" Filologia Mintegia ; </subfield>
    <subfield code="a">San Sebasti&#xE1;n y Vitoria : </subfield>
    <subfield code="b">Universidad del Pa&#xED;s Vasco = ; </subfield>
    <subfield code="a">Donostia y Gasteiz : </subfield>
    <subfield code="b">Euskal Herriko Unibertsitatea, </subfield>
    <subfield code="c">2011.</subfield>
  </datafield>
  <datafield tag="300" ind1=" " ind2=" ">
    <subfield code="a">1 v. (296 p.; 1 retr. del autor) ; </subfield>
    <subfield code="c">24 cm.</subfield>
  </datafield>
  <datafield tag="490" ind1="1" ind2=" ">
    <subfield code="a">Anejos del Anuario del Seminario de Filolog&#xED;a Vasca "Julio de Urquijo" ; </subfield>
    <subfield code="v">55</subfield>
  </datafield>
  <datafield tag="500" ind1=" " ind2=" ">
    <subfield code="a">&#xCD;ndices.</subfield>
  </datafield>
  <datafield tag="505" ind1="8" ind2=" ">
    <subfield code="a">Contiene: v. 2</subfield>
  </datafield>
  <datafield tag="546" ind1=" " ind2=" ">
    <subfield code="a">Textos en castellano y vasco.</subfield>
  </datafield>
  <datafield tag="650" ind1=" " ind2="7">
    <subfield code="a">Ling&#xFC;&#xED;stica.</subfield>
    <subfield code="9">14463</subfield>
  </datafield>
  <datafield tag="700" ind1="1" ind2=" ">
    <subfield code="a">Lakarra Andrinua, Joseba.</subfield>
    <subfield code="9">161683</subfield>
  </datafield>
  <datafield tag="700" ind1="1" ind2=" ">
    <subfield code="a">Ruiz Arz&#xE1;lluz, I&#xF1;igo.</subfield>
    <subfield code="9">100660</subfield>
  </datafield>
  <datafield tag="830" ind1="0" ind2=" ">
    <subfield code="a">Anejos del Anuario del Seminario de Filolog&#xED;a Vasca "Julio de Urquijo" ; </subfield>
    <subfield code="v">55</subfield>
    <subfield code="9">225462</subfield>
  </datafield>
  <datafield tag="852" ind1=" " ind2=" ">
    <subfield code="a">ES-MaACL</subfield>
    <subfield code="j">A-14012</subfield>
    <subfield code="9">193786</subfield>
    <subfield code="b">R.151335</subfield>
    <subfield code="c">DEPO1</subfield>
    <subfield code="d">Olim: N-7012</subfield>
    <subfield code="h">Donacion: Real Academia Espa&#xF1;ola</subfield>
  </datafield>
  <datafield tag="914" ind1=" " ind2=" ">
    <subfield code="9">6336</subfield>
    <subfield code="a">Real Academia Espa&#xF1;ola</subfield>
    <subfield code="e">dnr</subfield>
  </datafield>
  <datafield tag="942" ind1=" " ind2=" ">
    <subfield code="2">udc</subfield>
    <subfield code="c">MONOGRAFIA</subfield>
  </datafield>
  <datafield tag="999" ind1=" " ind2=" ">
    <subfield code="c">186729</subfield>
    <subfield code="d">186729</subfield>
  </datafield>
  <datafield tag="952" ind1=" " ind2=" ">
    <subfield code="0">0</subfield>
    <subfield code="1">0</subfield>
    <subfield code="2">udc</subfield>
    <subfield code="4">0</subfield>
    <subfield code="7">0</subfield>
    <subfield code="a">ATENEOM</subfield>
    <subfield code="b">ATENEOM</subfield>
    <subfield code="c">DEPO1</subfield>
    <subfield code="d">2017-02-09</subfield>
    <subfield code="e">DONACION</subfield>
    <subfield code="l">0</subfield>
    <subfield code="o">A-14012</subfield>
    <subfield code="p">1196963</subfield>
    <subfield code="r">2023-02-23 00:00:00</subfield>
    <subfield code="w">2023-02-23</subfield>
    <subfield code="y">MONOGRAFIA</subfield>
  </datafield>
</record>
